000 00647nam a2200217Ia 4500
008 240729s9999 xx 000 0 und d
022 _a2673-8732
245 0 _aNetwork
260 _aSwitzerland
260 _bMDPI AG
650 _a Computer engineering. Computer hardware | Science
650 _a Electrical engineering. Electronics. Nuclear engineering
650 _a Electronic computers. Computer science
650 _a Electronics
650 _a Instruments and machines
650 _a Mathematics
650 _aTechnology
856 _uhttps://doaj.org/toc/113d48668005439d88b0c46cdbe5222b
942 _2ddc
942 _cDOAJEJ
999 _c71858
_d71858
945 _a1
_bMadushi Gamage
_c1
_dMadushi Gamage